| 000 | 00575nam a22001937a 4500 | ||
|---|---|---|---|
| 003 | OSt | ||
| 005 | 20260407110607.0 | ||
| 008 | 260407b |||||||| |||| 00| 0 eng d | ||
| 020 | _a9781119597278 | ||
| 040 | _cn | ||
| 082 | _a690 A449 2019 | ||
| 100 | _aAllen, Edward | ||
| 245 |
_aExercises in Building Construction / _cEdward Allen & Joseph Iano. |
||
| 250 | _aSeventh edition. | ||
| 260 | _bUnited States. John Wiley & Sons. 2019 | ||
| 300 | _a176 pages, 28 cm. | ||
| 650 | _aBuilding construction – Exercises in architectural construction | ||
| 942 |
_2ddc _cBK-EN _n0 |
||
| 999 |
_c8777 _d8777 |
||